| 000 | 00556nam a2200205Ia 4500 | ||
|---|---|---|---|
| 005 | 20250508163636.0 | ||
| 008 | 008 250505s9999 xx 000 0 hin d | ||
| 037 | _aTextual | ||
| 040 |
_aFEDL _beng _cFEDL |
||
| 041 |
_ahin _2eng |
||
| 084 |
_a891.43, BAJ _qFEDL |
||
| 100 |
_aBajpayi Nand Dularey _9399393 |
||
| 245 | 0 | _aRashtriya sahitya | |
| 260 |
_aNew Delhi, India _bPrakashan Sansthan _c1996 |
||
| 300 | _a181p. | ||
| 365 |
_aINR _b150 |
||
| 650 | _aHindi literature | ||
| 942 |
_cTEXL _h891.43, BAJ |
||
| 999 |
_c1384484 _d1384484 |
||